| 000 | 00586nam a2200205 a 4500 | ||
|---|---|---|---|
| 001 | 24070 | ||
| 003 | CO-ViMGA | ||
| 008 | 141112s2004 ck r 000 u spa d | ||
| 020 | _a9588572061 | ||
| 040 |
_aCO-ViMGA _bspa _cCO-ViMGA |
||
| 082 | 0 | 4 | _a617.75 J453s |
| 100 | 1 |
_aJimenez Barbosa, Ingrid _935047 |
|
| 245 | 1 | 0 |
_aLa salud ocupacional en optometria / _cIngrid Jimenez Barbosa |
| 260 |
_aColombia : _bUniversidad de la salle |
||
| 300 | _a191p. | ||
| 650 | 1 | 4 |
_aENFERMEDADES DE LOS OJOS _935048 |
| 650 | 1 | 4 |
_aOPTOMETRIA _927540 |
| 650 | 1 | 4 | _aSALUD OCUPACIONAL |
| 942 |
_2ddc _cBK |
||
| 999 |
_c32126 _d32126 |
||